| 000 | 00613nam a22002297a 4500 | ||
|---|---|---|---|
| 003 | dpl | ||
| 005 | 20180914155904.0 | ||
| 008 | 180914b xxu||||| |||| 00| 0 eng d | ||
| 010 | _aB-132800 | ||
| 020 |
_a0143335898 _c199.00 |
||
| 035 | _aB-132800 | ||
| 040 |
_aDPL _bEN _c0 |
||
| 082 |
_aS _bROY |
||
| 100 | _aRoychoudhury, Upendrakishore | ||
| 245 |
_aGoopy gyne bagha byne / _cby Upendrakishore, Roychoudhury |
||
| 260 |
_aLondon _bPuffin books |
||
| 270 |
_a80 Strand _bLondon |
||
| 300 |
_a167p.: _c20cm |
||
| 700 | _aDeb, Swagata | ||
| 700 | _aBhattacharya, Dipankar | ||
| 942 |
_2ddc _cEN _hS _mROY |
||
| 999 |
_c157505 _d157505 |
||